| 000 -LEADER |
| fixed length control field |
00770nam a2200217Ia 4500 |
| 001 - CONTROL NUMBER |
| control field |
12349 |
| 003 - CONTROL NUMBER IDENTIFIER |
| control field |
GE_BSU |
| 008 - FIXED-LENGTH DATA ELEMENTS--GENERAL INFORMATION |
| fixed length control field |
181216s||||||||xx |||||||||||||| ||und|| |
| 040 ## - CATALOGING SOURCE |
| Transcribing agency |
GE_BSU |
| 080 ## - UNIVERSAL DECIMAL CLASSIFICATION NUMBER |
| Universal Decimal Classification number |
632.651:595.132 |
| 100 ## - MAIN ENTRY--PERSONAL NAME |
| Personal name |
Кирьянова,Э.Л. Кралль, Э.Л. |
| 245 ## - TITLE STATEMENT |
| Title |
Паразитические нематоды растении и меры борьбы с ними. Т.2 |
| 245 ## - TITLE STATEMENT |
| Statement of responsibility, etc. |
Ред.колл. Б.Е.Быховский,Громов,И.М..... |
| 260 ## - PUBLICATION, DISTRIBUTION, ETC. |
| Place of publication, distribution, etc. |
Ленинград |
| 260 ## - PUBLICATION, DISTRIBUTION, ETC. |
| Name of publisher, distributor, etc. |
Наука |
| 260 ## - PUBLICATION, DISTRIBUTION, ETC. |
| Date of publication, distribution, etc. |
1971 |
| 300 ## - PHYSICAL DESCRIPTION |
| Extent |
521стр.илл.27см. |
| 300 ## - PHYSICAL DESCRIPTION |
| Dimensions |
Библиогр.с.415-449 |
| 653 ## - INDEX TERM--UNCONTROLLED |
| Uncontrolled term |
Паразитические нематоды растении и меры борьбы с ними |
| 942 ## - ADDED ENTRY ELEMENTS (KOHA) |
| Koha item type |
წიგნი |